| 000 | 01346nam a22003497a 4500 | ||
|---|---|---|---|
| 003 | CHAP | ||
| 005 | 20220817044140.0 | ||
| 008 | 070131d2001 mx r 00010 spa d | ||
| 010 | _a93271 | ||
| 011 | _a94243 | ||
| 020 | _a9707200286 | ||
| 035 | _a104828 | ||
| 040 | _cCHAP | ||
| 090 | _aFolleto 17188 | ||
| 110 | 2 | _aMéxico. Presidencia de la República | |
| 245 | 1 | 0 |
_aDiscurso del Presidente de la República, Vicente Fox, durante la ceremonia de presentación del Programa de Cultura 2001-2006 el 22 de agosto de 2001, México, D.F. _c/por Presidencia de la República |
| 260 |
_aMéxico, D.F. : _bPresidencia de la República. Coordinación General de Opinión Pública e Imágen, _c2001. |
||
| 300 | _a11 p. | ||
| 590 |
_aBATCH-UPD _b10 _c20130110 _lUCH01 _h0828 |
||
| 590 |
_aBATCH-UPD _b10 _c20130410 _lUCH01 _h0506 |
||
| 590 |
_aBATCH-UPD _b10 _c20130914 _lUCH01 _h1133 |
||
| 590 |
_aBATCH-UPD _b10 _c20161124 _lUCH01 _h1713 |
||
| 590 |
_aCONVERSION _b10 _c20130109 _lUCH01 _h1352 |
||
| 650 | 1 | 4 |
_aCultura _zMéxico. _930405 |
| 650 | 1 | 4 |
_aMéxico _xDiscursos, ensayos y conferencias. _976740 |
| 650 | 1 | 4 |
_aPolítica social _zMéxico. |
| 651 | 4 |
_aMéxico _xPolítica y gobierno. _976783 |
|
| 901 | _aBK | ||
| 905 | _aMarco A. Mendoza T. | ||
| 942 | _cFOLL | ||
| 949 |
_aFolleto 17188 _bBC _cFOLL _d33724002012777 _eTS1 _gDonaciØn _i104828 _sb |
||
| 999 |
_c93271 _d93271 |
||